LIBRARY & INFORMATION CENTRE, KCAET, TAVANUR

ONLINE PUBLIC ACCESS CATALOGUE (OPAC)

Life in the soil / (Record no. 8812)

MARC details
000 -LEADER
fixed length control field 00458cam a2200181ua 4500
041 ## - LANGUAGE CODE
Language code of text/sound track or separate title eng
082 ## - DEWEY DECIMAL CLASSIFICATION NUMBER
Classification number 631.46
Item number JAC/LI
100 ## - MAIN ENTRY--AUTHOR NAME
Personal name Jackson, Richard M .
245 ## - TITLE STATEMENT
Title Life in the soil /
260 ## - PUBLICATION, DISTRIBUTION, ETC. (IMPRINT)
Place of publication London :
Name of publisher Edward Arnold Publications Ltd ,
Year of publication 1967.
300 ## - PHYSICAL DESCRIPTION
Number of Pages 59 ; .
700 1# - ADDED ENTRY--PERSONAL NAME
Personal name Frank , Raw .
942 ## - ADDED ENTRY ELEMENTS (KOHA)
Koha item type Books
Holdings
Withdrawn status Lost status Damaged status Home library Current library Date acquired Full call number Accession Number Koha item type
      KAUAET KAUAET 07/04/2012 631.46 12581 Books
      KAUAET KAUAET 07/04/2012 631.46 12582 Books
      KAUAET KAUAET 07/04/2012 631.46 12580 Books
free website counter